00522nam a2200145 a 450000100100000000500170001000800410002704000250006808200090009324500790010226000420018130000270022395201090025099900170035900003177520200930063154.0110701s2004 dr a 000 0 spa d aDO-SdBNPbspacBNPHU axxxx00aNatures Glow :binformación y gráfica nutricional, productos vitafore. a[Santo Domingo] :b[s. n.],c[19--?]. a35 p. :bil. ;c21 cm. 0010718PDaPDbPDcHDd2011-07-01iLF1l0oxxxx p31775-10r2020-06-25w2020-06-25yLFPDZNo se presta c31267d31267